000 00506nam a2200169Ia 4500
008 210707s1981 xx 000 0 und d
041 _aeng
082 _a301 BALI
100 _aBALASUNDARAM (Palayam M)
245 _aIntroduction to sociology a study of human action and interaction.
260 _aIndia
_bMacmillan India Ltd.
_c1981
300 _axi,139 p
365 _b18
_cINR
563 _aPB
650 _aSociology
906 _aa action and human interaction. Introduction of sociology study to
999 _c180109
_d180109